Países Europeus - Primeira Letra - Statistics

Estatísticas Gerais
  • Esse quiz foi jogado 27 652 vezes
  • A pontuação média é 23 de 45
Respostas no mapa
Respostas codificadas por cores de uma escala verde-vermelha no mapa do quiz de acordo com a % correta abaixo.
 
Estatísticas das Respostas
País % Correto
Itália
53%
Portugal
53%
Rússia
53%
Alemanha
52%
Espanha
52%
França
52%
Irlanda
52%
Reino Unido
52%
Andorra
51%
Bielorrússia
51%
Finlândia
51%
Grécia
51%
Islândia
51%
Noruega
51%
Países Baixos
51%
Polônia
51%
Suécia
51%
Ucrânia
51%
Vaticano
51%
Bélgica
50%
Croácia
50%
Dinamarca
50%
Estônia
50%
Letónia
50%
Lituânia
50%
Luxemburgo
50%
Malta
50%
Mônaco
50%
Suíça
50%
Áustria
49%
Macedónia do Norte
49%
República Checa
49%
Liechtenstein
49%
Romênia
49%
San Marino
49%
Albânia
48%
Bulgária
48%
Bósnia e Herzegovina
48%
Eslováquia
48%
Eslovénia
48%
Kosovo
48%
Moldávia
48%
Hungria
47%
Montenegro
47%
Sérvia
47%
Nenhum quiz correspondente encontrado
Distribuição das Pontuações
Porcentagem de Pessoas com Cada Pontuação
Percentil de Números Respondidos
Sua Pontuação Histórica
Você não jogou esse quiz